| 000 | 00959nas a2200325 4500 | ||
|---|---|---|---|
| 001 | BR0810075 | ||
| 003 | BR-BrBNA | ||
| 005 | 20231205112932.0 | ||
| 007 | ta | ||
| 008 | 230509b bl.|||p| |||| 00| 00por d | ||
| 040 |
_aBR-BrBNA _bpor _cBiblioteca Nacional de Agricultura |
||
| 041 | _a(Pt) | ||
| 072 | _aF04 | ||
| 100 | 1 | _aRodrigues, M.G.V. | |
| 100 | 1 | _aRuggiero, C. | |
| 100 | 1 | _aNatale, W. | |
| 100 | 1 | _aPacheco, D.D. | |
| 245 | 1 | _aNutrição e produção da bananeira Prata-Anã adubada com zinco e boro diretamente no rizoma, via muda desbastada | |
| 650 | _aNUTRIÇÃO VEGETAL | ||
| 650 | _aADUBAÇÃO | ||
| 650 | _aBANANA | ||
| 650 | _aMICROELEMENTO | ||
| 650 | _aZINCO | ||
| 650 | _aBORO | ||
| 650 | _aRIZOMA | ||
| 650 | _aIRRIGAÇÃO | ||
| 773 | 0 |
_tRevista Brasileira de Fruticultura (Brazil) _xISSN 0100 2945 _g(Dec 2007), v. 29(3) p. 645-651 _wBR0810075 |
|
| 909 |
_a202311 _bLúcia _c55 _dLúcia Elande |
||
| 942 |
_2AGRIS _n0 _cANA |
||
| 999 |
_c200877 _d200877 |
||